000 00500nam a2200193Ia 4500
005 20250508153305.0
008 008 250505s9999 xx 000 0 hin d
020 _a978-0-465-01491-0
037 _aTextual
040 _aFEDL
_beng
_cFEDL
041 _ahin
_2eng
084 _a372, LES
_qFEDL
100 _aLester Herry
_9763621
245 0 _aMadhyamik schoolon me shiksha
300 _a409p.
700 _a Alice
_9763622
942 _cTEXL
_h372, LES
999 _c1341777
_d1341777